000 00276nam a2200133Ia 4500
008 100328s9999 xx 000 0 und d
082 _b15930
100 _aTaimini I.K.
245 _aGayatri
260 _bAnand
630 _aGayatri
730 _aGayatri
942 _cBOOK
999 _c510664
_d510661